000 00462nam a2200181Ia 4500
008 131103s9999 xx 000 0 und d
020 _a0 671 80907 5
040 _aLoreto College
041 _aEnglish
082 _aF/TEY
_bLCBED/8552
100 _aTey, Josephine
245 _aMiss Pym Disposes
_cJosephine Tey
260 _aNew York
_bPocket Books
_c1977
300 _a223p.
_c 18cm.
650 _aEnglish fiction
850 _aLCBED/F/TEY
942 _cBK
999 _c32911
_d83390